ბათუმის შოთა რუსთაველის სახელმწიფო უნივერსიტეტის ბიბლიოთეკა

რუსულ-ქართული არქეოლოგიური ლექსიკონი : (ბიბ.ჩანაწერი № 60297)

000 -ლიდერი
ფიქსირებული სიგრძის საკონტროლო ველი 01498nam a22002177a 4500
003 - საკონტროლო ნომრის იდენტიფიკატორი
საკონტროლო ველი Ge_BSU
005 - ბოლო ოპერაციის თარიღი და დრო
საკონტროლო ველი 20230627105203.0
008 - ფიქსირებული სიგრძის მონაცემთა ელემენტები - ზოგადი ინფორმაცია
ფიქსირებული სიგრძის საკონტროლო ველი 230627s1980 ge ||||| |||| 00| 0 geo d
041 ## - ენის კოდი
Language code of text/sound track or separate title geo
080 ## - უნივერსალური ათობითი კლასიფიკაციის ინდექსი
Universal Decimal Classification number 81'374.26:902=161.1=353.1 რ-88
245 ## - ცნობა სათაურის შესახებ
Title რუსულ-ქართული არქეოლოგიური ლექსიკონი :
Remainder of title (მასალები) = Русско-грузинский археологический словарь : (материалы) /
Statement of responsibility, etc ა. აფაქიძის რედაქციით; შემდგენლები: ა. აფაქიძე, მ. ინასარიძე, ა. სიხარულიძე [და სხვ.]; მხატვარი ლ. ფავლენიშვილი.
264 ## - წარმოების, გამოცემის, დისტრიბუციის და სხვა ცნობები
გამოცემის, წარმოების, დისტრიბუციის... ადგილი თბილისი :
გამოცემის, წარმოების, დისტრიბუციის... სახელწოდება თბილ. უნ-ტის გამ-ბა,
გამოცემის, წარმოების, დისტრიბუციის... თარიღი 1980.
300 ## - ფიზიკური აღწერა
Extent 888 გვ. :
Other physical details ილ. ;
Dimensions 23 სმ.
653 ## - INDEX TERM--UNCONTROLLED
Uncontrolled term რუსულ-ქართული არქეოლოგიური ლექსიკონი
700 ## - ADDED ENTRY--PERSONAL NAME
Personal name აფაქიძე, ა.
Relator term რედაქტორი
9 (RLIN) 18984
700 ## - ADDED ENTRY--PERSONAL NAME
Personal name აფაქიძე, ა.
Relator term შემდგენელი
9 (RLIN) 18985
700 ## - ADDED ENTRY--PERSONAL NAME
Personal name ინასარიძე, ა
Relator term შემდგენელი
9 (RLIN) 18986
700 ## - ADDED ENTRY--PERSONAL NAME
Personal name სიხარულიძე, ა.
Relator term შემდგენელი.
9 (RLIN) 18987
700 ## - ADDED ENTRY--PERSONAL NAME
Personal name ფავლენიშვილი, ლ.
Relator term მხატვარი
9 (RLIN) 18988
942 ## - ADDED ENTRY ELEMENTS (KOHA)
Source of classification or shelving scheme
Koha item type წიგნი
ეგზემპლარები
ჩამოწერის სტატუსი დაკარგული ეგზემპლარის სტატუსი კლასიფიკაციის წყარო ან თაროზე გაწყობის სქემა დაზიანების სტატუსი არ გაიცემა მუდმივი მდებარეობა (დაცვის ადგილი) ამჟამინდელი ადგილსამყოფელი თაროზე განთავსების ადგილი შეძენის თარიღი ღირებულება, შესყიდვის ნორმალური ფასი სრული შენახვის შიფრი შტრიხკოდი ბოლო ოპერაციის თარიღი ეგზემპლარის მიმდევრობითი ნომერი (კეტერი?) Uniform Resource Identifier ფასის ძალაში შესვლის თარიღი ეგზემპლარის სახეობა საჯარო შენიშვნა
          ბათუმის შოთა რუსთაველის სახელმწიფო უნივერსიტეტის მთავარი ბიბლიოთეკა ბათუმის შოთა რუსთაველის სახელმწიფო უნივერსიტეტის მთავარი ბიბლიოთეკა წიგნსაცავი 2023-06-27 8.00 81'374.26:902=161.1=353.1 რ-88 64803 2023-06-27 64803 ბსუ-ს საპატიო დოქტორის გურამ ლორთქიფანიძის საჩუქარი 2023-06-27 წიგნი 8 ლ.